| 000 | 00000nam 2200000zi 4500 |
| 001 | 9.947095 |
| 003 | CaOODSP |
| 005 | 20250120091821 |
| 006 | m o d f |
| 007 | cr bn||||||||| |
| 008 | 250120t20102010onc oz f000 0 fre d |
| 020 | |a9780660651934 |q(imprimé) |
| 040 | |aCaOODSP|bfre|erda|cCaOODSP |
| 041 | 0 |aeng|afre |
| 043 | |an-cn---|af-go--- |
| 086 | 1 |aFR4-2008/5-PDF|zFR4-2008/5 |
| 130 | 0 |aConvention entre le gouvernement du Canada et le gouvernement de la République gabonaise en vue d'éviter les doubles impositions et de prévenir l'évasion fiscale en matière d'impôts sur le revenue et sur la fortune |d(2002 novembre 14) |
| 245 | 10|aTaxation - Convention between the Government of Canada and the Government of the Gabonese Republic for the Avoidance of Double Taxation and the Prevention of Fiscal Evasion with respect to Taxes on Income and on Capital = |bImposition - Convention entre le gouvernement du Canada et le gouvernement de la République gabonaise en vue d'éviter les doubles impositions et de prévenir l'évasion fiscale en matière d'impôts sur le revenue et sur la fortune. |
| 246 | 11|aImposition - Convention entre le gouvernement du Canada et le gouvernement de la République gabonaise en vue d'éviter les doubles impositions et de prévenir l'évasion fiscale en matière d'impôts sur le revenue et sur la fortune |
| 264 | 1|a[Ottawa] : |b[Affaires étrangères et commerce international Canada], |c[2010] |
| 264 | 4|a©2010 |
| 300 | |a1 ressource en ligne (59 pages). |
| 336 | |atexte|btxt|2rdacontent/fre |
| 337 | |ainformatique|bc|2rdamedia/fre |
| 338 | |aressource en ligne|bcr|2rdacarrier/fre |
| 490 | 1 |aTreaty series = |aRecueil des traités ; |v2008/5 |
| 500 | |a« Libreville, le 14 novembre 2002. En vigueur le 22 décembre 2008. » |
| 500 | |aÉdition numérisée de l'imprimée [par Direction des publications du gouvernement du Canada]. |
| 546 | |aTexte en anglais et en français. |
| 650 | 6|aDouble imposition|zCanada|vConventions. |
| 650 | 6|aDouble imposition|zGabon|vConventions. |
| 650 | 6|aFraude fiscale|xDroit|zCanada|vLégislation. |
| 650 | 6|aFraude fiscale|xDroit|zGabon|vLégislation. |
| 651 | 6|aCanada|xRelations extérieures|vTraités. |
| 651 | 6|aGabon|xRelations extérieures|vTraites. |
| 655 | 7|aTraiteĢs|2rvmgf |
| 710 | 1 |aCanada. |bAffaires étrangères et commerce international Canada, |eorganisme de publication. |
| 710 | 1 |aCanada, |eparticipant à un traité. |
| 710 | 1 |aGabon, |eparticipant à un traité. |
| 776 | 0#|tImposition : |w(CaOODSP)9.550561 |
| 788 | |tTaxation - Convention between the Government of Canada and the Government of the Gabonese Republic for the Avoidance of Double Taxation and the Prevention of Fiscal Evasion with respect to Taxes on Income and on Capital = |eeng|w(CaOODSP)9.947094 |
| 830 | #0|aCanada treaty series ;|v2008/5.|w(CaOODSP)9.500662 |
| 856 | 40|qPDF|s2.51 Mo|uhttps://publications.gc.ca/collections/collection_2025/amc-gac/FR4-2008-5.pdf |